Social Research Methods : BBA 6th SEM / (Record no. 1140)
[ view plain ]
| 000 -LEADER | |
|---|---|
| Fixed length control field | 00486nam a2200169 4500 |
| 003 - CONTROL NUMBER IDENTIFIER | |
| Control field | SEACOMMC |
| 005 - DATE AND TIME OF LATEST TRANSACTION | |
| Control field | 20250508114637.0 |
| 008 - FIXED-LENGTH DATA ELEMENTS--GENERAL INFORMATION | |
| Fixed length control field | 250324b |||||||| |||| 00| 0 eng d |
| 020 ## - INTERNATIONAL STANDARD BOOK NUMBER / ISBN | |
| International Standard Book Number | 978-81-272-5087-4 |
| Price | Rs.140.00 |
| 040 ## - CATALOGING SOURCE | |
| Original cataloging agency | SEACOMMC |
| 082 ## - DEWEY DECIMAL CLASSIFICATION NUMBER | |
| Classification number | 005 |
| Book Number | G 977 |
| 100 ## - MAIN ENTRY--PERSONAL NAME | |
| Personal name | Gupta,Mohit |
| 245 1# - TITLE STATEMENT | |
| Title | Social Research Methods : BBA 6th SEM / |
| Statement of responsibility | Mohit Gupta [and] Navdeep Agarwal |
| 260 ## - IMPRINT | |
| Place of publication | Kolkata |
| Name of publisher | kalyani Publishers |
| Date of publication | c2009 |
| 650 ## - SUBJECT ADDED ENTRY--TOPICAL TERM | |
| Topical term | Research Methodology |
| 942 ## - ADDED ENTRY ELEMENTS (KOHA) | |
| Koha item type | Books |
| Withdrawn status | Lost status | Source of classification | Damaged status | Not for loan | Home library | Current library | Shelving location | Date acquired | Total Checkouts | Call number | Accession number | Date last seen | Price effective from | Koha item type | Copy number |
|---|---|---|---|---|---|---|---|---|---|---|---|---|---|---|---|
| Dewey Decimal Classification | SEACOM MANAGEMENT COLLEGE | SEACOM MANAGEMENT COLLEGE | Reference | 10/02/2010 | 005 G 977 | M-2603 | 24/03/2025 | 24/03/2025 | Reference Books | ||||||
| Dewey Decimal Classification | SEACOM MANAGEMENT COLLEGE | SEACOM MANAGEMENT COLLEGE | 10/02/2010 | 005 G 977 | M-2604 | 24/03/2025 | 24/03/2025 | Books | 1 | ||||||
| Dewey Decimal Classification | SEACOM MANAGEMENT COLLEGE | SEACOM MANAGEMENT COLLEGE | 10/02/2010 | 005 G 977 | M-2605 | 24/03/2025 | 24/03/2025 | Books | 2 | ||||||
| Dewey Decimal Classification | SEACOM MANAGEMENT COLLEGE | SEACOM MANAGEMENT COLLEGE | 10/02/2010 | 005 G 977 | M-2606 | 24/03/2025 | 24/03/2025 | Books | 3 | ||||||
| Dewey Decimal Classification | SEACOM MANAGEMENT COLLEGE | SEACOM MANAGEMENT COLLEGE | 10/02/2010 | 005 G 977 | M-2607 | 24/03/2025 | 24/03/2025 | Books | 4 | ||||||
| Dewey Decimal Classification | SEACOM MANAGEMENT COLLEGE | SEACOM MANAGEMENT COLLEGE | 10/02/2010 | 005 G 977 | M-2608 | 24/03/2025 | 24/03/2025 | Books | 5 |
